[Event "Ceriano Laghetto op-B 24th"]
[Site "Ceriano Laghetto"]
[Date "2015.03.08"]
[Round "4"]
[White "Ranieri, Matteo"]
[Black "Pedemonte, Claudio"]
[Result "0-1"]
[WhiteElo "1688"]
[BlackElo "1707"]
[PlyCount "70"]
[EventDate "2015.03.06"]
[EventType "swiss"]
[EventRounds "5"]
[EventCountry "ITA"]
[SourceTitle "EXT 2017"]
[Source "ChessBase"]
[SourceDate "2016.10.25"]
[SourceVersion "1"]
[SourceVersionDate "2016.10.25"]
[SourceQuality "1"]

1. d4 d6 2. Nf3 Nf6 3. Bf4 g6 4. e3 Bg7 5. Be2 0-0 6. 0-0 b6 7. h3 Bb7 8. Nbd2 Nbd7 9. c3 Re8 10. Bh2 e5 11. a3 e4 12. Ne1 a5 13. c4 Qe7 14. Nc2 c5 15. b3 Nf8 16. Rb1 N6d7 17. d5 f5 18. g4 fxg4 19. hxg4 Be5 20. Bxe5 Qxe5 21. Kg2 Nf6 22. Rg1 Bc8 23. Kf1 g5 24. b4 Ng6 25. bxc5 bxc5 26. Qc1 Rf8 27. Qb2 Qh2 28. Rg2 Qh1+ 29. Rg1 Qh3+ 30. Rg2 Nh4 31. Ne1 Nxg4 32. Bxg4 Bxg4 33. Kg1 Nxg2 34. Nxg2 Bf3 35. Nxf3 exf3 0-1